ՀՀ Գիտությունների ազգային ակադեմիայի հիմնարար գիտական գրադարան  =   Fundamental Scientific Library of NAS RA

Воспоминания / (Record no. 155364)

MARC details
000 -LEADER
fixed length control field 00997nam a2200229 u 4500
001 - CONTROL NUMBER
control field 000408594
003 - CONTROL NUMBER IDENTIFIER
control field AM-YeHGA
005 - DATE AND TIME OF LATEST TRANSACTION
control field 20250617132650.0
008 - FIXED-LENGTH DATA ELEMENTS--GENERAL INFORMATION
fixed length control field 050209s1933 ||| r 000 0 rus d
040 ## - CATALOGING SOURCE
Original cataloging agency AM-YeHGA
041 0# - LANGUAGE CODE
Language code of text/sound track or separate title rus
090 ## - LOCALLY ASSIGNED LC-TYPE CALL NUMBER (OCLC); LOCAL CALL NUMBER (RLIN)
-- 156763
100 1# - MAIN ENTRY--PERSONAL NAME
Personal name Антонович, Максим Алексеевич
245 10 - TITLE STATEMENT
Title Воспоминания /
Statement of responsibility, etc. М.А. Антонович, Г.З. Елисеев; Вступ. ст., коммент. и ред. В. Евгеньева-Максимова, Г.Ф. Тизенгаузена.
260 ## - PUBLICATION, DISTRIBUTION, ETC.
Place of publication, distribution, etc. Москва ;
-- Ленинград :
Name of publisher, distributor, etc. Academia,
Date of publication, distribution, etc. 1933.
300 ## - PHYSICAL DESCRIPTION
Extent 579 с.
Other physical details [14] л. ил.
440 #0 - SERIES STATEMENT/ADDED ENTRY--TITLE
Title Русские мемуары, письма и материалы. Шестидесятые годы
505 0# - FORMATTED CONTENTS NOTE
Formatted contents note Воспоминания / Г.З. Елисеев.
653 0# - INDEX TERM--UNCONTROLLED
Uncontrolled term Литература - Биографии
700 1# - ADDED ENTRY--PERSONAL NAME
Personal name Елисеев, Г. З.
700 1# - ADDED ENTRY--PERSONAL NAME
Personal name Евгеньев-Максимов, В.
Relator term ред.
Relationship edt
Holdings
Withdrawn status Lost status Damaged status Not for loan Collection Home library Current library Date acquired Total checkouts Full call number Barcode Date last seen Price effective from Koha item type Public note
        General Fundamental Scientific Library Fundamental Scientific Library 28/12/2016   891.71(09) 110050855 28/12/2016 28/12/2016 Գրքեր / Books 30 Days Loan
        General Fundamental Scientific Library Fundamental Scientific Library 28/12/2016   891.71(09) 110050858 28/12/2016 28/12/2016 Գրքեր / Books 30 Days Loan


ՀՀ ԳԱԱ հիմնարար գիտական գրադարան
ՀՀ,Երևան 0019
Մարշալ Բաղրամյան 24/6
հեռախոս:(374-10) 52-47-50
Հետադարձ կապ

All site content, except where otherwise noted, is licensed under a
Creative Commons License